| 000 | 00696cam a22002292 4500 | ||
|---|---|---|---|
| 001 | 0000002326 | ||
| 005 | 20151217151850.0 | ||
| 008 | 070410s xx 000 0 eng d | ||
| 020 |
_a0072465212 : _cKES 700 |
||
| 040 |
_aKABU _cKABU |
||
| 050 | 0 |
_aHF5548.32 _b.R39 |
|
| 100 | 1 |
_aRayport, Jeffrey F. _@0000148311 |
|
| 245 | 1 | 0 |
_aE-commerce / _cJeffrey F. Rayport, Bernard J. Jaworski. |
| 260 |
_aBoston : _bMcGraw-Hill, _c2001. |
||
| 300 | _axxxv, 420 p. | ||
| 650 | 0 |
_aElectronic commerce. _@0000148142 |
|
| 650 | 0 |
_aInternet marketing. _@0000151441 |
|
| 700 | 1 |
_aJaworski, Bernard J. _@0000148312 |
|
| 908 | _a070410 | ||
| 950 | _@1 | ||
| 999 |
_c5792 _d5792 |
||